Clinical implications of laboratory tests / (Record no. 3623)
[ view plain ]
| 000 -LEADER | |
|---|---|
| fixed length control field | 00897nac a22002411u 4500 |
| 010 ## - LIBRARY OF CONGRESS CONTROL NUMBER | |
| LC control number | 75015951 |
| 020 ## - INTERNATIONAL STANDARD BOOK NUMBER | |
| International Standard Book Number | 0801649617 |
| 082 00 - DEWEY DECIMAL CLASSIFICATION NUMBER | |
| Classification number | 616.075 |
| Item number | T573 |
| 090 ## - LOCALLY ASSIGNED LC-TYPE CALL NUMBER (OCLC); LOCAL CALL NUMBER (OCLC) | |
| -- | 3623 |
| -- | 3623 |
| 100 ## - MAIN ENTRY--PERSONAL NAME | |
| Personal name | Tilkian, Sarko M., |
| 245 10 - TITLE STATEMENT | |
| Title | Clinical implications of laboratory tests / |
| Statement of responsibility, etc | Sarko M. Tilkian, Mary H. Conover, contributor, Ara G. Tilkian. |
| 260 ## - PUBLICATION, DISTRIBUTION, ETC. (IMPRINT) | |
| Place of publication, distribution, etc | Saint Louis : |
| Name of publisher, distributor, etc | C. V. Mosby Co.,1975 |
| Date of publication, distribution, etc | 1975. |
| 300 ## - PHYSICAL DESCRIPTION | |
| Extent | xv, 232 p. : |
| Other physical details | ill. ; |
| Dimensions | 25 cm. |
| 500 ## - GENERAL NOTE | |
| General note | Includes index. |
| 500 ## - GENERAL NOTE | |
| General note | Donations |
| 500 ## - GENERAL NOTE | |
| General note | Donations-Bibliotheca Alexandrina |
| 504 ## - BIBLIOGRAPHY, ETC. NOTE | |
| Bibliography, etc | Bibliography: p. 212. |
| 650 #0 - SUBJECT ADDED ENTRY--TOPICAL TERM | |
| Topical term or geographic name as entry element | Diagnosis, Laboratory. |
| 650 #0 - SUBJECT ADDED ENTRY--TOPICAL TERM | |
| Topical term or geographic name as entry element | Diagnosis, Laboratory. |
| 700 1# - ADDED ENTRY--PERSONAL NAME | |
| Personal name | Conover, Mary Boudreau, |
| Dates associated with a name | 1931- |
| 942 ## - ADDED ENTRY ELEMENTS (KOHA) | |
| Item type | Book - Borrowing |
| Call number prefix | 616.075T573 |
| Withdrawn status | Item status | Source of classification or shelving scheme | Damaged status | Not for loan | Home library | Current library | Shelving location | Date acquired | Source of acquisition | Total Checkouts | Full call number | Barcode | Date last seen | Date last borrowed | Koha item type |
|---|---|---|---|---|---|---|---|---|---|---|---|---|---|---|---|
| Dewey Decimal Classification | Central Library | Central Library | First floor | 02/05/2007 | Purchase | 1 | 616.075 TIL | 000030307 | 15/07/2025 | 02/06/2010 | Book - Borrowing |